01589nam a22003857a 4500003000500000005001700005008004100022010001000063011001000073035001100083040000900094090001000103100003900113245013300152260004700285300004300332502010700375590003700482590004100519590004100560590004100601590004100642590004200683650003600725650005800761650003700819650004700856650004100903901000700944905001100951942001000962949006900972999001701041952014501058CHAP20220329143339.0081023s2007 mx r 00010 spa d a95305 a96277 a106924 cCHAP aTesis1 aGómez Ruiz, Walter Jorge.94988613aLa caprinocultura como elemento articulador del desarrollo rural en el Altiplano Potosinoc/por M.I.M. Walter Jorge Gómez Ruiz aSan Luis Potosi, Méx. :bEl autor,c2007 aix, 173 h. :bilus., cuadros, gráfs. aTesis (Dr. en Ciencias Ambientales) -- UASLP. Facultad de Ciencias Químicas, Ingeniería y Medicina aALEPHb10c20130110lUCH01h1525 aBATCH-UPDb10c20130110lUCH01h0203 aBATCH-UPDb10c20130110lUCH01h1634 aBATCH-UPDb10c20130410lUCH01h1026 aBATCH-UPDb10c20130914lUCH01h0848 aCONVERSIONb10c20130109lUCH01h135314aCarne de cabraxConsumo.91913014aDesarrollo de la comunidadzSan Luis Potosí.93198914aGanado cabríoxDestete.94500314aGanado cabríoxSan Luis Potosí.94504414aLeche de cabraxProducción.965427 aBK aluisgm cTESIS aTesisbBCcTESd33724002073850eTS1gDonaciØnh48415i106924sb c95305d95305 00102local4051708TESISaBCbBCcPA_TESISd2019-12-31eDonacionfTESISl0oTesisp33724002073850r2019-12-31 00:00:00w2019-12-31yTESIS